|
|
|
|
| LEADER |
01902cas a2200277 a 4500 |
| 001 |
AALejournalIMF018772 |
| 008 |
230101c9999 xx r poo 0 0eng d |
| 020 |
|
|
|c 5.00 USD
|
| 020 |
|
|
|z 9781484384572
|
| 022 |
|
|
|a 2221-030X
|
| 040 |
|
|
|a BD-DhAAL
|c BD-DhAAL
|
| 100 |
1 |
|
|a Mancini Griffoli, Tommaso.
|
| 245 |
1 |
0 |
|a Casting Light on Central Bank Digital Currencies /
|c Tommaso Mancini Griffoli, Maria Martinez Peria, Itai Agur, Anil Ari.
|
| 264 |
|
1 |
|a Washington, D.C. :
|b International Monetary Fund,
|c 2018.
|
| 300 |
|
|
|a 1 online resource (39 pages)
|
| 490 |
1 |
|
|a Staff Discussion Notes
|
| 500 |
|
|
|a <strong>Off-Campus Access:</strong> No User ID or Password Required
|
| 500 |
|
|
|a <strong>On-Campus Access:</strong> No User ID or Password Required
|
| 506 |
|
|
|a Electronic access restricted to authorized BRAC University faculty, staff and students
|
| 520 |
3 |
|
|a Digitalization is reshaping economic activity, shrinking the role of cash, and spurring new digital forms of money. Central banks have been pondering wheter and how to adapt. One possibility is central bank digital currency (CBDC)-- a widely accessible digital form of fiat money that could be legal tender. This discussion note proposes a conceptual framework to assess the case for CBDC adoption from the perspective of users and central banks. It discusses possible CBDC designs, and explores potential benefits and costs, with a focus on the impact on monetary policy, financial stability, and integrity. This note also surveys research and pilot studies on CBDC by central banks around the world.
|
| 538 |
|
|
|a Mode of access: Internet
|
| 700 |
1 |
|
|a Agur, Itai.
|
| 700 |
1 |
|
|a Ari, Anil.
|
| 700 |
1 |
|
|a Martinez Peria, Maria.
|
| 830 |
|
0 |
|a Staff Discussion Notes; Staff Discussion Notes ;
|v No. 2018/008
|
| 856 |
4 |
0 |
|z Full text available on IMF
|u http://elibrary.imf.org/view/journals/006/2018/008/006.2018.issue-008-en.xml
|z IMF e-Library
|